000 01219cam a22003374i 4500
003 PE-LiUPU
005 20250731184054.0
008 150617s r 000 0 d
035 _a(Sirsi) a18314
040 _aPE-LiUPU
_bspa
_cPE-LiUPU
_erda
049 _aPRUA
082 0 4 _a800
_bI12i
_223
100 1 _aIbáñez Langlois, José Miguel,
_eautor.
245 1 0 _aIntroducción a la literatura /
_cJosé Miguel Ibañez Langlois.
264 1 _aSantiago de Chile :
_bEditorial Universitaria,
_c1982.
300 _a186 páginas ;
_c18 centímetros.
336 _atext
_2rdacontent
337 _aunmediated
_2rdamedia
338 _avolume
_2rdacarrier
505 0 _aLa situación cultural y los problemas de la lectura. -Sobre la educación para la lectura poetica. -La novela, los novelistas y el sentido de la vida. -Literatura y mensaje el compromiso socio-político. -La crítica literaria, escritores y lectores ante los críticos.
526 _aP145
526 _aP127
526 _aP97
526 _aP14
526 _aP07
650 0 _aLiteratura
_vIntroducciones
_92089
910 _ajck
942 _2ddc
_cBK
_n0
980 _81
_gALBERTO SANCHEZ Responsable de Automatización
999 _c17992
_d17992